Género y mercado de trabajo: Honduras y Nicaragua /

Gardado en:
Detalles Bibliográficos
Autor Principal: Fernández - Pacheco, Janina
Outros autores: ed.
Formato: Texto
Publicado: San José: OIT
Etiquetas: Engadir etiqueta
Sen Etiquetas, Sexa o primeiro en etiquetar este rexistro!

MARC

LEADER 00000 a a2200000 04500
001 32776
003
040
020 |a 92-2-315011-6  
090 |a 204402  
100 |a Fernández - Pacheco, Janina  
245 |a Género y mercado de trabajo: Honduras y Nicaragua /  |c Janina Fernández - Pacheco  
260 |a San José:   |b OIT  
300 |a 424 p.  
700 |a ed.  
999 |c 11122  |d 11122